| Tag |
First Indicator |
Second Indicator |
Subfields |
| LEADER |
00000cam a2200000 4500 |
| 001 |
in00000690721 |
| 005 |
20170308095824.0 |
| 008 |
711001s1971 enk b 00001 eng |
| 010 |
|
|
|a 78596788
|
| 015 |
|
|
|a B71-13140
|
| 020 |
|
|
|a 0192553216
|c 2.75
|
| 035 |
|
|
|a (OCoLC)00200480
|
| 035 |
|
|
|9 ADA2520AM
|
| 040 |
|
|
|a DLC
|c DLC
|d TXA
|d UtOrBLW
|
| 049 |
|
|
|a TXAM
|c [1202151]
|
| 050 |
0 |
0 |
|a PZ3.S6665
|b Ac7
|a PR3694.F
|
| 090 |
|
|
|a PR3694
|b A38 1971
|
| 100 |
1 |
|
|a Smollett, T.
|q (Tobias),
|d 1721-1771.
|
| 245 |
1 |
4 |
|a The adventures of Ferdinand, Count Fathom /
|c edited with an introduction by Damian Grant.
|
| 264 |
|
1 |
|a London,
|a New York :
|b Oxford University Press,
|c 1971.
|
| 300 |
|
|
|a xxvi, 384 pages ;
|c 21 cm.
|
| 336 |
|
|
|a text
|b txt
|2 rdacontent
|
| 337 |
|
|
|a unmediated
|b n
|2 rdamedia
|
| 338 |
|
|
|a volume
|b nc
|2 rdacarrier
|
| 490 |
0 |
|
|a Oxford English novels
|
| 504 |
|
|
|a Bibliography: pages xxiii-xxiv.
|
| 740 |
0 |
|
|a Ferdinand, Count Fathom.
|
| 999 |
|
|
|a MARS
|
| 999 |
f |
f |
|s e56a82a6-f476-3c9a-8831-81d3ac6dc180
|i c7adf61a-acff-3543-8dfd-6c589a84e6b6
|t 0
|
| 952 |
f |
f |
|p normal
|a Texas A&M University
|b College Station
|c Sterling C. Evans Library
|d Evans: Library Stacks
|t 0
|e PR3694 A38 1971
|h Library of Congress classification
|i unmediated -- volume
|m A14804281964
|
| 998 |
f |
f |
|a PR3694 A38 1971
|t 0
|l Evans: Library Stacks
|